000 00723cam a2200253 4500
001 45604
010 _a9724126412
021 _b186620/02
090 _a45604
100 _a20030513d2002 c y0pory5003 ba
101 0 _apor
102 _aPT
200 1 _aHipopóptimos
_euma história de amor
_fÁlvaro Magalhães
_gil. Danuta Wojciechowska
205 _a2.ª ed.
210 9 _aPorto
_cAsa,
_d2002
215 _a65, [4] p.
_cil.
_d21 cm
225 2 _aBiblioteca Álvaro Magalhães
_v10
675 _a087.5
_vBN
_zpor
675 _a821.134.3-93"19/20"
_vBN
_zpor
675 _a821.134.3-34"19/20"
_vBN
_zpor
700 1 _aMagalhães,
_bÁlvaro,
_f1951-
702 1 _aWojciechowska,
_bDanuta,
_f1960-
_4440
801 _aPT
_gRPC
990 _cLIVROS